Profit by investing in real estate tax liens: (Record no. 122702)
[ view plain ]
| 000 -LEADER | |
|---|---|
| fixed length control field | 00688cam a2200193 4500 |
| 008 - FIXED-LENGTH DATA ELEMENTS--GENERAL INFORMATION | |
| fixed length control field | 141201n 000 0 eng u |
| 020 ## - INTERNATIONAL STANDARD BOOK NUMBER | |
| International Standard Book Number | 0793195179 |
| 035 ## - SYSTEM CONTROL NUMBER | |
| System control number | (Sirsi) a186472 |
| 050 ## - LIBRARY OF CONGRESS CALL NUMBER | |
| Classification number | HD255 LOF 2005 |
| 100 ## - MAIN ENTRY--PERSONAL NAME | |
| Personal name | Loftis, Larry B. |
| 245 ## - TITLE STATEMENT | |
| Title | Profit by investing in real estate tax liens: |
| Remainder of title | earn safe, secured, and fixed returns every time/ |
| Statement of responsibility, etc. | Larry B. Loftis |
| 260 ## - PUBLICATION, DISTRIBUTION, ETC. | |
| Place of publication, distribution, etc. | New York: Kaplan Publishing, 2005. |
| 300 ## - PHYSICAL DESCRIPTION | |
| Extent | ix, 243 p.: |
| Other physical details | ill. |
| 504 ## - BIBLIOGRAPHY, ETC. NOTE | |
| Bibliography, etc. note | Includes index |
| 650 ## - SUBJECT ADDED ENTRY--TOPICAL TERM | |
| Topical term or geographic name entry element | Real estates investment -- United States |
| 650 ## - SUBJECT ADDED ENTRY--TOPICAL TERM | |
| Topical term or geographic name entry element | Tax liens -- United States |
| 650 ## - SUBJECT ADDED ENTRY--TOPICAL TERM | |
| Topical term or geographic name entry element | Foreclosure -- United States |
| 650 ## - SUBJECT ADDED ENTRY--TOPICAL TERM | |
| Topical term or geographic name entry element | Real property -- Purchasing -- United States |
| Withdrawn status | Lost status | Source of classification or shelving scheme | Damaged status | Not for loan | Home library | Current library | Shelving location | Total Checkouts | Full call number | Barcode | Date last seen | Copy number | Price effective from | Koha item type |
|---|---|---|---|---|---|---|---|---|---|---|---|---|---|---|
| Library of Congress Classification | Main Library | Main Library | On Shelf | HD 255 LOF 2005 | 33729005255091 | 08/22/2019 | 1 | 08/22/2019 | Book |